000 00174nam a22000857a 4500
999 _c16298
_d16298
003 OSt
008 200721b ||||| |||| 00| 0 eng d
245 _aPanchayats act
942 _cBK